|
|
แสดงรายละเอียดบรรณานุกรม |
|
|
Brief Record
: Get Marc (ISO 2709)
: E-mail record
: |
| LEADER 00000nama 2200000uu 4500 | |||
| 008 040531s|||| th m m a000 0 tha d | |||
| 041 tha | |||
| 050 วจ WG 300 อ823พ 2552. | |||
| 100 อุทัยวรรณ สุกิมานิล. | |||
| 260 นครพนม วิทยาลัยพยาบาลบรมราชชนนี นครพนม. 2552. | |||
| 300 153 หน้า. | |||
| 600 1.สุชาดา คงธนชโย 2.ดวงใจ บุญคง 3.วิทยาลัยพยาบาลบรมราชชนนี นครพนม. | |||
| 650 1.โรคหลอดเลือดหัวใจ. 2.วิจัย - - โรคหลอดเลือดหัวใจ | |||
| 995 004 | |||
| คุณยังไม่ได้ล็อกอิน คุณสามารถมีกิจกรรมร่วมกับเว็บไซต์ได้ แต่ต้องล็อกอินก่อน :: |
|
| สถานะ | |||||||||
| 1. | หนังสือทั่วไป | วจ WG 300 อ823พ 2552. | On Shelf ขอยืม | ||||||
| [แสดง 1/1 รายการ] | |||||||||
BibComment |
| คอมเมนท์ทรัพยากรรายการนี้ |
|
|